Automatica

Enregistré dans:
Détails bibliographiques
Format: Publication en série
Publié: 1999
Tags: Ajouter un tag
Pas de tags, Soyez le premier à ajouter un tag!

MARC

LEADER 00000nas a22000003a 4500
001 stu65004
005 20141122002237.7
008 011106s1999----------------------------d
040 |a STU  |b slo 
041 0
245 |a Automatica 
260 |c 1999 
500 |a 1-12 
500 |a 12 
773 0 |t Automatica :  |w stu_us_cat*stu59455  |x 0005-1098  |7 nnas 
996 |d Vol. 35, 1999  |v Vol. 35  |y 1999  |l EE0103  |s A  |a 24  |w stu65004_0001